000 00627nam a22002177a 4500
005 20241206115030.0
008 241206b ||||| |||| 00| 0 eng d
020 _a9780674241220
040 _cAL
041 _aEnglish
082 _223
_a347.012
_bPOSH
100 _aRichard A.Posner
_9188229
245 _aHow Judges Think
260 _aCambridge
_bHarvard University Press
_c2010
300 _a387 p.
_bPB
_c23x15 cm.
365 _a1060
_b₹726.35
_c
_d₹995.00
_e27%
_f28-11-2024
650 _aJudicial process
_9188230
650 _aunited states
_9188231
700 _aPOSNER (Richard A)
_9188232
942 _2ddc
_cBK
999 _c232189
_d232189